000 00403nam a2200145Ia 4500
008 230917s9999||||xx |||||||||||||| ||und||
040 _e61112
_aMAIN
041 _aEnglish
082 _a823.7 E44N:G
100 _aNewton, K M
245 0 _aGeorge Eliot: romantic humanist:a study of philosophical structure of her novels
260 _aLondon
_bMacmillan
_c1981
300 _avii, 215 p.
942 _cBK
999 _c219313
_d219313